RAINBOW MAGIC "AMBER" The Orange Fairy (Record no. 49045)
| 000 -LEADER | |
|---|---|
| fixed length control field | 00422nam a22001337a 4500 |
| 008 - FIXED-LENGTH DATA ELEMENTS--GENERAL INFORMATION | |
| fixed length control field | 250729b |||||||| |||| 00| 0 eng d |
| 020 ## - INTERNATIONAL STANDARD BOOK NUMBER | |
| International Standard Book Number | 9781408348529 |
| 100 ## - MAIN ENTRY--PERSONAL NAME | |
| Personal name | Daisy Meadows (Author), Georgie Ripper (Illustrator) |
| 9 (RLIN) | 86413 |
| 245 ## - TITLE STATEMENT | |
| Title | RAINBOW MAGIC "AMBER" The Orange Fairy |
| 260 ## - PUBLICATION, DISTRIBUTION, ETC. (IMPRINT) | |
| Place of publication, distribution, etc | UK |
| Name of publisher, distributor, etc | ORCHARD BOOKS |
| Date of publication, distribution, etc | 2016 |
| 300 ## - PHYSICAL DESCRIPTION | |
| Extent | 80 pages |
| Other physical details | col. ill. |
| Dimensions | 7.72 x 4.93 x 0.79 inches |
| 490 ## - SERIES STATEMENT | |
| Series statement | Rainbow Magic |
| 942 ## - ADDED ENTRY ELEMENTS (KOHA) | |
| Source of classification or shelving scheme | |
| Withdrawn status | Lost status | Source of classification or shelving scheme | Damaged status | Not for loan | Collection code | Home library | Current library | Date acquired | Total Checkouts | Full call number | Barcode | Date last seen | Price effective from | Koha item type |
|---|---|---|---|---|---|---|---|---|---|---|---|---|---|---|
| Siem Reap | Asian Hope Siem Reap | Asian Hope Siem Reap | 07/29/2025 | FIC DAI | 208998 | 07/29/2025 | 07/29/2025 | Book |